Score 0/20 Timer 04:00
3 Plays Today
Black and White Movies Missing Word % Correct
___ in BlackMen
96.3%
Black ___ DownHawk
89.2%
Black ___Swan
87.2%
White Men Can't ___Jump
84.1%
Harold & Kumar Go to White ___Castle
76.2%
Creature from the Black ___Lagoon
75.7%
Meet ___ BlackJoe
75.6%
Single White ___Female
65.8%
White ___Christmas
60.6%
White ___Chicks
52.1%
Black and White Movies Missing Word % Correct
The Great White ___Hope
38.4%
The Black ___Cauldron
30.8%
Black ___Knight
27.9%
The Black ___Stallion
19.5%
White ___Heat
14.5%
White ___Oleander
13.8%
Black ___Widow
13.4%
Black ___Rain
11.6%
White ___Fang
9.6%
White ___Squall
4.7%

Today's Daily Dose

Remove Ads.
Support Sporcle.
Get the best of Sporcle when you Go Orange. This ad-free experience offers more features, more stats, and more fun while also helping to support Sporcle. Thank you for becoming a member.

You're not logged in!

Compare scores with friends on all Sporcle quizzes.
OR
Log In

Show Comments

Extras

Top Quizzes Today


Score Distribution

Your Account Isn't Verified!

In order to create a playlist on Sporcle, you need to verify the email address you used during registration. Go to your Sporcle Settings to finish the process.

Report this User

Report this user for behavior that violates our Community Guidelines.

Details: